Plovoucí po hvězdách /

Tucet povídek propojený motivem nesnadných vztahů mladých lidí, dějištěm v Praze a poněkud snovou náladou.

Hlavní autor: Doležalová, Martina, 1982-
Jazyk: Čeština
Vydáno: V Praze : CooBoo, 2019
Vydání: 1. vydání
Témata:
Fyzický popis: 356 stran : ilustrace ; 21 cm
Knihy
Uloženo v:
LEADER 01666nam a2200385 i 4500
001 nkc20193135997
003 CZ PrNK
005 20191126121437.0
007 ta
008 190927s2019 xr a g 000 j cze
015 |a cnb003135997 
020 |a 978-80-7544-869-9  |q (vázáno) :  |c Kč 299,00 
035 |a (OCoLC)1130264828 
040 |a ABG001  |b cze  |e rda 
072 7 |a 821.162.3-3  |x Česká próza  |2 Konspekt  |9 25 
080 |a 821.162.3-32  |2 MRF 
080 |a (0:82-32)  |2 MRF 
100 1 |a Doležalová, Martina,  |d 1982-  |7 xx0147874  |4 aut 
245 1 0 |a Plovoucí po hvězdách /  |c Martina Doležalová 
250 |a 1. vydání 
264 1 |a V Praze :  |b CooBoo,  |c 2019 
300 |a 356 stran :  |b ilustrace ;  |c 21 cm 
336 |a text  |b txt  |2 rdacontent 
337 |a bez média  |b n  |2 rdamedia 
338 |a svazek  |b nc  |2 rdacarrier 
520 2 |a Tucet povídek propojený motivem nesnadných vztahů mladých lidí, dějištěm v Praze a poněkud snovou náladou.  |b Nepatrně ezoterické motivy snářů, horoskopů a cest za poznáním spolu s poetickou oslavou Prahy se proplétají dvanácti povídkami. Všechny se zaobírají životy mladých lidí, jejich hledáním sebe sama, vztahy a rozchody. Šťastné konce nejsou samozřejmostí, jak je patrné z této magické sondy do současné reality. 
655 7 |a české povídky  |7 fd133971  |2 czenas 
655 9 |a Czech short stories  |2 eczenas 
910 2 |a BOA001  |b 2-1438.143 
920 |a 4499402  |z ABG001 
928 9 |a Albatros Media - CooBoo 
990 |a BK 
995 |a 01 
991 |b 201911  |c NOV 
996 6 |b 2610801991  |c 2-1438.143  |l MZK  |r Sklad / do 1 hodiny  |n 0  |p p.v.  |w 001764486  |u 000010  |a 1  |e BOA001  |j MZK50  |s P